000 00818nab a2200253 u 4500
001 17388
003 HDC
007 cr bn ---aaaaa
008 210224c |r|noo 0 a d
040 _aHDC
100 _aGoh, De No,
_eauthor
_916507
245 0 _aTailor goods for Muslim consumers' /
_cby Goh De No
260 _aBrunei :
_bBrunei Times PLC,
_c2010
336 _atext
_2rdacontent
337 _acomputer
_2rdamedia
338 _aonline resource
_2rdacarrier
650 _aIslamic branding
_9288
650 _aMuslim consumer
_9584
710 _aThe Brunei Times
856 _zRequest full-text at [email protected]
942 _2lcc
942 _cNEWS
942 _kNWSO 009352
999 _c14704
_d14704